[Event "Rome Accademia Winter"]
[Site "Rome"]
[Date "2010.02.14"]
[Round "5"]
[White "Antonetti, Mattia"]
[Black "Biondi, Massimo"]
[Result "1-0"]
[WhiteElo "1622"]
[BlackElo "1924"]
[PlyCount "99"]
[EventDate "2010.02.12"]
[EventType "swiss"]
[EventRounds "5"]
[EventCountry "ITA"]
[SourceTitle "EXT 2024"]
[Source "ChessBase"]
[SourceDate "2023.10.10"]
[SourceVersion "1"]
[SourceVersionDate "2023.10.10"]
[SourceQuality "1"]

1. d4 Nf6 2. Bg5 e6 3. c3 Be7 4. Nf3 0-0 5. Nbd2 d5 6. Bxf6 Bxf6 7. e4 dxe4 8. Nxe4 b6 9. Qc2 Bb7 10. Bd3 h6 11. Nxf6+ Qxf6 12. Be4 c6 13. Ne5 Qe7 14. h4 Rc8 15. Bh7+ Kf8 16. Bg6 f6 17. Nf7 c5 18. Bh5 f5 19. 0-0-0 cxd4 20. Rxd4 Qf6 21. Rhd1 Nc6 22. Rd7 Nb4 23. Qb3 Nd5 24. Nd6 g6 25. Bf3 Bc6 26. Rf7+ Qxf7 27. Nxf7 Kxf7 28. Kb1 Rd8 29. c4 Ne7 30. Rxd8 Rxd8 31. Bxc6 Nxc6 32. Kc1 Nd4 33. Qd3 Kg7 34. b3 Rd7 35. Kb2 h5 36. Kc3 Kf6 37. Qxd4+ Rxd4 38. Kxd4 e5+ 39. Kd5 e4 40. b4 Ke7 41. a4 Kd7 42. g3 Ke7 43. Ke5 Kf7 44. Kd5 g5 45. hxg5 Kg6 46. c5 Kxg5 47. c6 f4 48. Kxe4 fxg3 49. fxg3 Kg4 50. c7 1-0

[Event "Frascati Santa Cecilia op 2nd"]
[Site "Frascati"]
[Date "2009.11.21"]
[Round "3"]
[White "Carnicelli, Valerio"]
[Black "Biondi, Massimo"]
[Result "0-1"]
[WhiteElo "1756"]
[BlackElo "1879"]
[PlyCount "114"]
[EventDate "2009.11.20"]
[EventType "swiss"]
[EventRounds "5"]
[EventCountry "ITA"]
[SourceTitle "EXT 2012"]
[Source "ChessBase"]
[SourceDate "2011.11.24"]
[SourceVersion "1"]
[SourceVersionDate "2011.11.24"]
[SourceQuality "1"]

1. e4 c5 2. d4 cxd4 3. Qxd4 Nc6 4. Qd1 Nf6 5. Nc3 a6 6. Nf3 d6 7. h3 e6 8. Be3 Qc7 9. Bd3 b5 10. Qd2 Be7 11. 0-0 0-0 12. Rad1 Bb7 13. Ne2 d5 14. exd5 Nxd5 15. Bg5 Ne5 16. Nxe5 Qxe5 17. Bxe7 Nxe7 18. Qc3 Qg5 19. Ng3 Rac8 20. Qd2 Qe5 21. c3 Rfd8 22. Qc2 h6 23. Rfe1 Qc5 24. Be4 Bd5 25. Bxd5 Rxd5 26. Rxd5 Nxd5 27. Ne4 Qc6 28. Qd3 b4 29. Rc1 f5 30. Nd2 bxc3 31. Nb1 Nf4 32. Qf1 c2 33. Nc3 Rd8 34. g3 Nd3 35. Rxc2 Nxb2 36. Qe2 Nd3 37. Nd1 Qd5 38. Ne3 Qd4 39. Nc4 e5 40. Ne3 Rf8 41. Rd2 e4 42. Qd1 f4 43. Qb3+ Kh7 44. Nc2 Qc5 45. Qa4 Nxf2 46. Kg2 e3 47. Rd7 Qf5 48. g4 f3+ 49. Kf1 Qe5 50. Qxa6 Nxh3 51. Qd3+ Kh8 52. Qxe3 Qb5+ 53. Qd3 Qb1+ 54. Ne1 Qxa2 55. Qe3 Qc4+ 56. Rd3 Qxg4 57. Nxf3 Ng5 0-1

[Event "Viterbo op 6th"]
[Site "Viterbo"]
[Date "2009.06.02"]
[Round "6"]
[White "Biondi, Massimo"]
[Black "De Caro, Nicola"]
[Result "1-0"]
[WhiteElo "1853"]
[BlackElo "1656"]
[PlyCount "69"]
[EventDate "2009.05.30"]
[EventType "swiss"]
[EventRounds "7"]
[EventCountry "ITA"]
[SourceTitle "EXT 2011"]
[Source "ChessBase"]
[SourceDate "2010.11.26"]
[SourceVersion "1"]
[SourceVersionDate "2010.11.26"]
[SourceQuality "1"]

1. e4 g6 2. d4 Bg7 3. Nf3 d6 4. Bd3 a6 5. Be3 Nd7 6. Qd2 e6 7. Bg5 Ne7 8. Bh6 0-0 9. Bxg7 Kxg7 10. 0-0 b6 11. c4 Bb7 12. Nc3 h6 13. Rfe1 c5 14. dxc5 dxc5 15. Qe3 Qc7 16. Rad1 Rad8 17. h3 Ba8 18. Nd2 Ne5 19. Be2 N7c6 20. f4 Nd7 21. Nf3 Ne7 22. Rd3 f5 23. exf5 Nxf5 24. Qd2 Nf6 25. Ne5 Rxd3 26. Bxd3 Rd8 27. g4 Nh4 28. Qe3 Rxd3 29. Qxd3 Qb7 30. Qg3 Ng2 31. Rd1 Ne3 32. Rd3 Qh1+ 33. Kf2 Nf1 34. Qg1 Ne4+ 35. Kxf1 1-0

[Event "Viterbo op 6th"]
[Site "Viterbo"]
[Date "2009.05.30"]
[Round "1"]
[White "Calandri, Fausto"]
[Black "Biondi, Massimo"]
[Result "1/2-1/2"]
[WhiteElo "2149"]
[BlackElo "1853"]
[PlyCount "116"]
[EventDate "2009.05.30"]
[EventType "swiss"]
[EventRounds "7"]
[EventCountry "ITA"]
[SourceTitle "EXT 2011"]
[Source "ChessBase"]
[SourceDate "2010.11.26"]
[SourceVersion "1"]
[SourceVersionDate "2010.11.26"]
[SourceQuality "1"]

1. e4 c5 2. Nf3 d6 3. d4 cxd4 4. Nxd4 Nf6 5. Nc3 a6 6. Be2 e5 7. Nb3 Be6 8. 0-0 Be7 9. Be3 Nbd7 10. a4 Rc8 11. a5 Qc7 12. Qd2 0-0 13. Rfc1 Qc6 14. Bf3 Rfd8 15. Qe2 d5 16. exd5 Nxd5 17. Nxd5 Bxd5 18. Bxd5 Qxd5 19. Rd1 Qc6 20. Rd2 f5 21. Rad1 Nf6 22. Bg5 Rxd2 23. Rxd2 Qc7 24. Qd1 Rd8 25. Rxd8+ Bxd8 26. Bxf6 gxf6 27. Qd5+ Kg7 28. c3 Be7 29. h4 Qc8 30. Kf1 Qc7 31. Ke2 b6 32. axb6 Qxb6 33. Kf1 a5 34. Qd7 Kf8 35. Qc8+ Kf7 36. Qc4+ Kg7 37. Kg1 f4 38. Qa4 f5 39. Nxa5 Bxh4 40. Qd7+ Kg8 41. Qc8+ Kg7 42. Qb7+ Qxb7 43. Nxb7 Kf7 44. c4 Ke7 45. c5 Kd7 46. Nd6 Be7 47. Nf7 Ke6 48. c6 e4 49. Kf1 Bd6 50. Ng5+ Kd5 51. Nxh7 Kxc6 52. Ng5 Be5 53. b3 Kb5 54. Nf7 Bc7 55. Nh6 Kb4 56. Nxf5 Kxb3 57. g3 fxg3 58. Nxg3 e3 1/2-1/2